书目信息 |
| 题名: |
报关报检实务
|
|
| 作者: | 王永红 主编 | |
| 分册: | ||
| 出版信息: | 北京 对外经济贸易大学出版社 2013 |
|
| 页数: | 299页 | |
| 开本: | 26cm | |
| 丛书名: | ||
| 单 册: | ||
| 中图分类: | F752.5 , R185.3 | |
| 科图分类: | ||
| 主题词: | 进出口贸易--海关手续--中国--高等学校--教材 , 国境检疫--中国--高等学校--教材 , 进出口贸易 , 海关手续 , 国境检疫 | |
| 电子资源: | ||
| ISBN: | 978-7-5663-0832-0 | |
| 000 | 01099nam0 22003011 450 | |
| 001 | 519 | |
| 005 | 20140909101158.89 | |
| 010 | @a978-7-5663-0832-0@dCNY35.00 | |
| 100 | @a20140522d2013 em y0chiy50 ea | |
| 101 | 0 | @achi |
| 102 | @aCN@b110000 | |
| 105 | @ay z 000yy | |
| 106 | @ar | |
| 200 | 1 | @a报关报检实务@ABao Guan Bao Jian Shi Wu@f王永红主编@FWang Yong Hong Zhu Bian |
| 210 | @a北京@c对外经济贸易大学出版社@d2013 | |
| 215 | @a299页@d26cm | |
| 300 | @a全国应用型高等院校精品系列教材 | |
| 330 | @a本书内容包括:报关与报检概述;贸易管制与进出口通关;进出口货物报关单填制;进出口税费征缴;保税及其他进出口货物通关程序;出入境检验检疫一般规定;进出口报检单填制;各类货物及其他事项的出入境检验检疫;电子报关与报检;直通放行,绿色通道制度等。 | |
| 606 | 0 | @a进出口贸易@x海关手续@y中国@x高等学校@j教材 |
| 606 | 0 | @a国境检疫@y中国@x高等学校@j教材 |
| 606 | 0 | @a进出口贸易 |
| 606 | 0 | @a海关手续 |
| 606 | 0 | @a国境检疫 |
| 690 | @aF752.5@v5 | |
| 690 | @aR185.3@v5 | |
| 701 | 0 | @a王永红@AWang Yong Hong@4主编 |
| 801 | 0 | @aCN@bTANGWEI@c20140603 |
| 905 | @b0836784-86@dF752.5@e36@f3 | |
| 报关报检实务/王永红主编.-北京:对外经济贸易大学出版社,2013 |
| 299页;26cm |
| 全国应用型高等院校精品系列教材 |
| ISBN 978-7-5663-0832-0:CNY35.00 |
| 本书内容包括:报关与报检概述;贸易管制与进出口通关;进出口货物报关单填制;进出口税费征缴;保税及其他进出口货物通关程序;出入境检验检疫一般规定;进出口报检单填制;各类货物及其他事项的出入境检验检疫;电子报关与报检;直通放行,绿色通道制度等。 |
| ● |
| 相关链接 |
|
|
|
|
正题名:报关报检实务
索取号:F752.5/36
 
预约/预借
| 序号 | 登录号 | 条形码 | 馆藏地/架位号 | 状态 | 备注 |
| 1 | 0836784 | 208367845 | 第一样本阅览室/ [索取号:F752.5/36] | 在馆 | |
| 2 | 0836785 | 208367854 | 第一借阅区/ [索取号:F752.5/36] | 在馆 | |
| 3 | 0836786 | 208367863 | 密集书库-海洋学院/ [索取号:F752.5/36] | 在馆 |